Pricing for industrial business
Poistenie priemyselných rizík je pomerne komplexná téma, vyžadujúca patričné riešenia v oblasti oceňovania jeho produktov. Vzhľadom na to, že informácie o škodách sú veľmi často nekompletné, aktuár musí využiť celú škálu aktuárskych metód. Upozornenie na niektoré problémy spojené s týmto oceňovaním...
Guardado en:
| Autor principal: | |
|---|---|
| Formato: | Capítulo de libro |
| Lenguaje: | inglés |
| Materias: | |
| Etiquetas: |
Sin Etiquetas, Sea el primero en etiquetar este registro!
|
MARC
| LEADER | 00000nla$a2200000$$$4500 | ||
|---|---|---|---|
| 001 | 0070325 | ||
| 005 | 20221128091249.1 | ||
| 041 | 0 | |a eng | |
| 044 | |a SK | ||
| 245 | 1 | 0 | |a Pricing for industrial business |c Erika Čubová |
| 520 | |a Poistenie priemyselných rizík je pomerne komplexná téma, vyžadujúca patričné riešenia v oblasti oceňovania jeho produktov. Vzhľadom na to, že informácie o škodách sú veľmi často nekompletné, aktuár musí využiť celú škálu aktuárskych metód. Upozornenie na niektoré problémy spojené s týmto oceňovaním a načrtnutie, akým spôsobom sa dajú štandardné aktuárske techniky v praxi kombinovať s informáciami z dostupnej literatúry a výskumom v tejto oblasti. | ||
| 610 | 2 | 0 | |a aktuári |
| 610 | 2 | 0 | |a riziko |
| 610 | 2 | 0 | |a poistenie |
| 610 | 2 | 0 | |a produkty |
| 610 | 2 | 0 | |a oceňovanie |
| 100 | 1 | |a Čubová, Erika | |